000 01290nam a2200361 a 4500
001 000114980
003 CHAP
005 20220329144506.0
008 180824s2017 mx a |sm |||||||spa d
010 _a111441
011 _a112413
040 _cCHAP
090 _aTesis
100 1 _aCampos Rangel, Danlay.
_9135383
245 1 0 _aGenotipos y densidades de población en maíz con fertirriego
_h[En línea]
_cpor Danlay Campos Rangel.
260 _aChapingo, Méx. :
_bEl autor,
_c2017.
500 _aPara ver el contenido del material haga clic en la liga
502 _aTesis (Ing. Agro. Fitotecnista) -- Colegio Superior Agropecuario del Estado de Guerrero
590 _aBATCH-UPD
_b05
_c20180824
_lUCH01
_h1027
590 _aBATCH
_b00
_c20181121
_lUCH01
_h0759
590 _aE11695DGD
_b10
_c20190529
_lUCH01
_h1142
590 _aE6339RRR
_b05
_c20180824
_lUCH01
_h1026
590 _aE6339RRR
_b05
_c20180824
_lUCH01
_h1039
590 _aE6339RRR
_b05
_c20180824
_lUCH01
_h1040
650 1 4 _aFertirrigación.
_940652
650 1 4 _aMaíz híbrido
_xRendimiento.
_9130890
650 1 4 _aMaíz
_xEspaciamiento.
_970946
650 1 4 _aMaíz
_xGenética.
_970963
856 _aFinding aid
_uhttp://10.13.5.2/tesis/sist114980.pdf
_zTeclea aquí
901 _aBK
942 _cTESIS
942 _n0
999 _c111441
_d111441